| 000 | 00424nam a2200181Ia 4500 | ||
|---|---|---|---|
| 008 | 220531s9999 xx 000 0 und d | ||
| 041 | _aeng | ||
| 082 | _bPRA | ||
| 100 |
_aPrasad,jitendra _960637 |
||
| 245 | _aIndustrial Sociology | ||
| 250 | _a1 | ||
| 260 |
_aPune _bVayu education _c2009 |
||
| 300 | _a356 | ||
| 542 | _d17-11-2011 | ||
| 650 |
_aSociology _960638 |
||
| 906 | _d2011-2012 | ||
| 999 |
_c34632 _d34632 |
||